<?xml version="1.0" encoding="UTF-8"?>
<collection xmlns="http://www.loc.gov/MARC21/slim">
 <record>
  <leader>01629naa a2200349   4500</leader>
  <controlfield tag="001">1839591897</controlfield>
  <controlfield tag="003">DE-627</controlfield>
  <controlfield tag="005">20230320140135.0</controlfield>
  <controlfield tag="007">cr uuu---uuuuu</controlfield>
  <controlfield tag="008">230320s2018    xx |||||oo    00| ||ger c</controlfield>
  <datafield tag="035" ind1=" " ind2=" ">
   <subfield code="a">(DE-627)1839591897</subfield>
  </datafield>
  <datafield tag="035" ind1=" " ind2=" ">
   <subfield code="a">(DE-599)KXP1839591897</subfield>
  </datafield>
  <datafield tag="040" ind1=" " ind2=" ">
   <subfield code="a">DE-627</subfield>
   <subfield code="b">ger</subfield>
   <subfield code="c">DE-627</subfield>
   <subfield code="e">rda</subfield>
  </datafield>
  <datafield tag="041" ind1=" " ind2=" ">
   <subfield code="a">ger</subfield>
  </datafield>
  <datafield tag="084" ind1=" " ind2=" ">
   <subfield code="a">KUNST</subfield>
   <subfield code="q">DE-16</subfield>
   <subfield code="2">fid</subfield>
  </datafield>
  <datafield tag="100" ind1="1" ind2=" ">
   <subfield code="a">Walter, Ingeborg</subfield>
   <subfield code="e">VerfasserIn</subfield>
   <subfield code="0">(DE-588)124558364</subfield>
   <subfield code="0">(DE-627)363420371</subfield>
   <subfield code="0">(DE-576)169583791</subfield>
   <subfield code="4">aut</subfield>
  </datafield>
  <datafield tag="245" ind1="1" ind2="0">
   <subfield code="a">[Rezension von: Simone Christiana Ebert, Botticelli - Signorelli - Michelangelo. Zur Kunstpolitik des Lorenzo di Pierfrancesco de' Medici]</subfield>
   <subfield code="c">rezensiert von Ingeborg Walter</subfield>
  </datafield>
  <datafield tag="264" ind1=" " ind2="1">
   <subfield code="c">19.01.2018</subfield>
  </datafield>
  <datafield tag="300" ind1=" " ind2=" ">
   <subfield code="b">Illustrationen</subfield>
  </datafield>
  <datafield tag="336" ind1=" " ind2=" ">
   <subfield code="a">Text</subfield>
   <subfield code="b">txt</subfield>
   <subfield code="2">rdacontent</subfield>
  </datafield>
  <datafield tag="337" ind1=" " ind2=" ">
   <subfield code="a">Computermedien</subfield>
   <subfield code="b">c</subfield>
   <subfield code="2">rdamedia</subfield>
  </datafield>
  <datafield tag="338" ind1=" " ind2=" ">
   <subfield code="a">Online-Ressource</subfield>
   <subfield code="b">cr</subfield>
   <subfield code="2">rdacarrier</subfield>
  </datafield>
  <datafield tag="655" ind1=" " ind2="7">
   <subfield code="a">Rezension</subfield>
   <subfield code="0">(DE-588)4049712-4</subfield>
   <subfield code="0">(DE-627)106186019</subfield>
   <subfield code="0">(DE-576)209083166</subfield>
   <subfield code="2">gnd-content</subfield>
  </datafield>
  <datafield tag="773" ind1="0" ind2="8">
   <subfield code="i">Enthalten in</subfield>
   <subfield code="t">ArtHist.net</subfield>
   <subfield code="d">[Berlin] : arthist e.V., 2001</subfield>
   <subfield code="g">(2018) vom: 19. Jan.</subfield>
   <subfield code="h">Online-Ressource</subfield>
   <subfield code="w">(DE-627)777783886</subfield>
   <subfield code="w">(DE-600)2755110-6</subfield>
   <subfield code="w">(DE-576)40053021X</subfield>
   <subfield code="x">2750-5685</subfield>
   <subfield code="7">nnns</subfield>
  </datafield>
  <datafield tag="773" ind1="1" ind2="8">
   <subfield code="g">year:2018</subfield>
   <subfield code="g">day:19</subfield>
   <subfield code="g">month:01</subfield>
  </datafield>
  <datafield tag="787" ind1="0" ind2="8">
   <subfield code="i">Rezension von</subfield>
   <subfield code="a">Ebert, Simone</subfield>
   <subfield code="t">Botticelli - Signorelli - Michelangelo</subfield>
   <subfield code="d">Berlin : Deutscher Kunstverlag, 2016</subfield>
   <subfield code="h">528 Seiten</subfield>
   <subfield code="w">(DE-627)825756189</subfield>
   <subfield code="w">(DE-576)476397316</subfield>
   <subfield code="z">9783422073265</subfield>
  </datafield>
  <datafield tag="856" ind1="4" ind2="0">
   <subfield code="u">https://arthist.net/reviews/17137</subfield>
   <subfield code="x">Verlag</subfield>
   <subfield code="z">kostenfrei</subfield>
   <subfield code="3">Volltext</subfield>
  </datafield>
  <datafield tag="936" ind1="u" ind2="w">
   <subfield code="j">2018</subfield>
   <subfield code="b">19</subfield>
   <subfield code="c">1</subfield>
  </datafield>
  <datafield tag="951" ind1=" " ind2=" ">
   <subfield code="a">AR</subfield>
  </datafield>
  <datafield tag="994" ind1=" " ind2=" ">
   <subfield code="u">https://arthist.net/reviews/17137</subfield>
  </datafield>
  <datafield tag="991" ind1=" " ind2=" ">
   <subfield code="a">Rezension (Monographie, Zeitschrift, Aufsatz)</subfield>
  </datafield>
  <datafield tag="999" ind1=" " ind2=" ">
   <subfield code="a">KXP-PPN1839591897</subfield>
   <subfield code="e">4296839616</subfield>
  </datafield>
 </record>
</collection>
